=LDR 00000nam 2200000 4500 =001 INLIS000000000008336 =005 20200428090713 =035 ##$$a 0010-061300000008336 =008 200428################g##########0#ind## =041 ##$$a Ind =082 ##$$a 2x0 =090 ##$$a 2x0, Far p =100 ##$$a Faridl, Miftah =245 1#$$a Pokok-pokok ajaran islam, /$c Drs. Miftah Faridl =260 ##$$a Bandung :$b penerbit Pustaka,$c 1993 =300 ##$$a x, 178 hlm, ; $c 17 cm =650 #4$$a Islam =850 ##$$a NBPNMAT =084 ##$$a 2x0 FAR p =250 ##$$a Cet. 7 =990 ##$$a DW00029949 =990 ##$$a 71.530 pb. 94 =990 ##$$a 71.530 pb. 94 =990 ##$$a DW00029949 =990 ##$$a 71.530 pb. 94 =990 ##$$a DW00029949 =990 ##$$a 135. 143/Pro. 98 =990 ##$$a 71.530 pb. 94